Worst US Presidents - Statistics

General Stats
  • This quiz has been taken 5,561 times
    1,276 since last reset
  • The average score is 6 of 10
Answer Stats
Rank President % Correct
45 Donald Trump
98%
43 Andrew Johnson
72%
36 Herbert Hoover
67%
44 James Buchanan
62%
37 John Tyler
56%
41 William Henry Harrison
56%
38 Zachary Taylor
56%
39 Millard Fillmore
54%
40 Warren G. Harding
53%
42 Franklin Pierce
52%
No matching quizzes found
Score Distribution
Percent of People with Each Score
Percentile by Number Answered
Your Score History
You have not taken this quiz since the last reset